| 000 | 00420 a2200145 4500 | ||
|---|---|---|---|
| 999 |
_c2960 _d2960 |
||
| 020 | _a0748771646 | ||
| 050 | _aLB 1139.25 GRE 2003 | ||
| 100 |
_aGreen, Sandy. _eauthor |
||
| 245 |
_aBTEC first early years / _cSandy Green, |
||
| 264 |
_aUnited Kingdom: _bNelson Thornes Ltd; _c2003 |
||
| 300 |
_aviii, 368p.: _bill. |
||
| 500 | _aIncludes index | ||
| 650 | _aEarly choldhood development | ||
| 942 |
_2lcc _cBK _h1139.25 _iGRE _kLB |
||